The Columbia companion to American history on film: how the movies have portrayed the American past (Record no. 302649)

MARC details
000 -LEADER
fixed length control field 00762nam a2200217Ia 4500
008 - FIXED-LENGTH DATA ELEMENTS--GENERAL INFORMATION
fixed length control field 191130s2003##################000#0#eng##
020 ## - INTERNATIONAL STANDARD BOOK NUMBER
ISBN 9780231112222
082 ## - DEWEY DECIMAL CLASSIFICATION NUMBER
Classification number 791.43658 ROL
245 ## - TITLE STATEMENT
Title The Columbia companion to American history on film: how the movies have portrayed the American past
Statement of responsibility, etc edited by Peter C. Rollins
260 ## - PUBLICATION, DISTRIBUTION, ETC. (IMPRINT)
Place of publication New York
Name of publisher Columbia University Press
Year of publication 2003
300 ## - PHYSICAL DESCRIPTION
Number of Pages xxi, 671 p. : ill. ; 26 cm
500 ## - GENERAL NOTE
General note Includes bibliographical references and index
650 ## - SUBJECT ADDED ENTRY--TOPICAL TERM
Topical Term United States - History - Miscellanea
Topical Term United States - In motion pictures
700 ## - ADDED ENTRY--PERSONAL NAME
Personal name Rollins, Peter C
991 ## -
-- 359158
Holdings
Withdrawn status Lost status Damaged status Not for loan Home library Current library Shelving location Date acquired Full call number Accession Number Price effective from Koha item type
        Anna Centenary Library Anna Centenary Library 6TH FLOOR, B WING 15.10.2020 791.43658 ROL 165515 15.10.2020 English Books

Find us on the map